000 00260nam a22000977a 4500
999 _c11077
_d11077
008 180824b ||||| |||| 00| 0 eng d
020 _a9788183507844
100 _aAgarwal Archana
_96854
245 _aInformatics Practices
260 _aNew Delhi
_bSultan Chand
_c2018